THE BROTHERS KARAMAZOV (Record no. 582805)
[ view plain ]
| 000 -LEADER | |
|---|---|
| fixed length control field | 00278nam a22001217a 4500 |
| 020 ## - INTERNATIONAL STANDARD BOOK NUMBER | |
| International Standard Book Number | 0-85229-163-9 |
| 082 ## - DEWEY DECIMAL CLASSIFICATION NUMBER | |
| Classification number | 030 GRE'H |
| 100 ## - MAIN ENTRY--PERSONAL NAME | |
| Personal name | DOSTOEVSKY, F. M |
| 9 (RLIN) | 77541 |
| 245 ## - TITLE STATEMENT | |
| Title | THE BROTHERS KARAMAZOV |
| 250 ## - EDITION STATEMENT | |
| Edition statement | V-52 |
| 260 ## - PUBLICATION, DISTRIBUTION, ETC. | |
| Place of publication, distribution, etc. | CHICAGO |
| Name of publisher, distributor, etc. | WILLIAM BENTON |
| Date of publication, distribution, etc. | 1952 |
| 942 ## - ADDED ENTRY ELEMENTS (KOHA) | |
| Koha item type | Book |
| Withdrawn status | Lost status | Damaged status | Not for loan | Permanent Location | Current Location | Shelving location | Date acquired | Total Checkouts | Full call number | Barcode | Date last seen | Price effective from | Koha item type |
|---|---|---|---|---|---|---|---|---|---|---|---|---|---|
| College of Electrical & Mechanical Engineering (CEME) | College of Electrical & Mechanical Engineering (CEME) | General Stacks | 06/08/2017 | 030 GRE'H | CEME-21825 | 06/28/2021 | 06/28/2021 | Book |
